000 00289nam a2200109Ia 4500
008 190914s9999||||xx |||||||||||||| ||und||
100 _aSmarajit Ghosh
245 0 _aFundamentals of Electrical and Electronics Engineering
260 _aNew york
_bPrentice
_c1995
300 _a408
942 _cBK
999 _c8758
_d8758